<?xml version="1.0" encoding="UTF-8"?><?xml-stylesheet type="text/xsl" href="static/style.xsl"?><OAI-PMH xmlns="http://www.openarchives.org/OAI/2.0/" xmlns:xsi="http://www.w3.org/2001/XMLSchema-instance" xsi:schemaLocation="http://www.openarchives.org/OAI/2.0/ http://www.openarchives.org/OAI/2.0/OAI-PMH.xsd"><responseDate>2026-06-02T00:42:31Z</responseDate><request verb="GetRecord" identifier="oai:riuma.uma.es:10630/41166" metadataPrefix="marc">https://riuma.uma.es/rest/oai/request</request><GetRecord><record><header><identifier>oai:riuma.uma.es:10630/41166</identifier><datestamp>2026-02-03T11:11:55Z</datestamp><setSpec>com_10630_2254</setSpec><setSpec>col_10630_37953</setSpec></header><metadata><record xmlns="http://www.loc.gov/MARC21/slim" xmlns:dcterms="http://purl.org/dc/terms/" xmlns:doc="http://www.lyncode.com/xoai" xmlns:xsi="http://www.w3.org/2001/XMLSchema-instance" xsi:schemaLocation="http://www.loc.gov/MARC21/slim http://www.loc.gov/standards/marcxml/schema/MARC21slim.xsd">
   <leader>00925njm 22002777a 4500</leader>
   <datafield ind2=" " ind1=" " tag="042">
      <subfield code="a">dc</subfield>
   </datafield>
   <datafield ind2=" " ind1=" " tag="720">
      <subfield code="a">Herrera-Gutiérrez, Manuel Enrique</subfield>
      <subfield code="e">author</subfield>
   </datafield>
   <datafield ind2=" " ind1=" " tag="720">
      <subfield code="a">Seller Pérez, Gemma Luisa</subfield>
      <subfield code="e">author</subfield>
   </datafield>
   <datafield ind2=" " ind1=" " tag="720">
      <subfield code="a">Banderas Bravo, Esther</subfield>
      <subfield code="e">author</subfield>
   </datafield>
   <datafield ind2=" " ind1=" " tag="720">
      <subfield code="a">Aragón González, César</subfield>
      <subfield code="e">author</subfield>
   </datafield>
   <datafield ind2=" " ind1=" " tag="720">
      <subfield code="a">Olalla Sánchez, Rebeca</subfield>
      <subfield code="e">author</subfield>
   </datafield>
   <datafield ind2=" " ind1=" " tag="720">
      <subfield code="a">Lozano-Sáez, Rosario</subfield>
      <subfield code="e">author</subfield>
   </datafield>
   <datafield ind2=" " ind1=" " tag="260">
      <subfield code="c">2011-12</subfield>
   </datafield>
   <datafield ind2=" " ind1=" " tag="520">
      <subfield code="a">Purpose: We hypothesized that RIFLE based on creatinine clearance (CrCl) is superior to that based on serum creatinine (sCr) or Cockroft-Gault (C-G) because it is an earlier marker of kidney dysfunction.&#xd;
&#xd;
Materials and methods: At day 3 of admission, we compared the RIFLE based on sCr, C-G, and CrCl with 28-day mortality and development of RIFLE-F during intensive care unit stay.&#xd;
&#xd;
Results: Percentages in the RIFLE levels were similar for the 3 estimates, but the patients included in each level were different; with CrCl as the reference, κ statistic was 0.29 (95% confidence interval, 0.15-0.43) for sCr and 0.21 (0.07-0.36) for C-G. Mortality at day 28 was 19.3%, with percentages of mortality increasing with RIFLE based in CrCl but not sCr or C-G (area under the curve, 0.57 [45-72] for C-G; 0.57 [44-72] for sCr; and 0.64 [52-79] for CrCl). Logistic regression only showed an independent relationship with mortality for RIFLE measured with CrCl.&#xd;
&#xd;
Conclusions: RIFLE classification using sCr or C-G at the third day of admission predicts outcome less accurately than with the use of CrCl. Because of the delay in the rise of sCr after a sudden glomerular filtration rate decrease, RIFLE based in CrCl may represent an advantage in terms of precocity</subfield>
   </datafield>
   <datafield ind1="8" ind2=" " tag="024">
      <subfield code="a">Herrera-Gutiérrez ME, Seller-Pérez G, Banderas-Bravo E, Aragón-Gonzalez C, Olalla-Sánchez R, Lozano-Sáez R. Discrepancies in the RIFLE classification are due to the method used to assess the level of derangement of kidney function. J Crit Care. 2011 Dec;26(6):572-6. doi: 10.1016/j.jcrc.2011.02.006. Epub 2011 Mar 24. PMID: 21439764. Copy  Download .nbib</subfield>
   </datafield>
   <datafield ind1="8" ind2=" " tag="024">
      <subfield code="a">https://hdl.handle.net/10630/41166</subfield>
   </datafield>
   <datafield ind1="8" ind2=" " tag="024">
      <subfield code="a">10.1016/j.jcrc.2011.02.006</subfield>
   </datafield>
   <datafield tag="653" ind2=" " ind1=" ">
      <subfield code="a">Insuficiencia renal aguda</subfield>
   </datafield>
   <datafield tag="653" ind2=" " ind1=" ">
      <subfield code="a">Creatinina</subfield>
   </datafield>
   <datafield ind2="0" ind1="0" tag="245">
      <subfield code="a">Discrepancies in the RIFLE classification are due to the method used to assess the level of derangement of kidney function</subfield>
   </datafield>
</record>
</metadata></record></GetRecord></OAI-PMH>